000 00322nam a2200133Ia 4500
008 150201s2000 xx 000 0 und d
082 _a616.07
_bU00H
100 _aHUETHER,SUE E
245 _aUNDERSTANDING PATHOPHYSILOGY
250 _a3RD
260 _bMOSBY ELSEVIER
_aDELHI
_c2000
650 _aPATHOLOGY
942 _2ddc
_cBK
999 _c967
_d967